Temes de Dret Civil Català
Descripción Física:
215 p. ; 23'5 cm
Colección:
Quaderns de Ciències Socials ; 6
Materias:
Dret civil -- Catalunya
MARC
| LEADER | 00000nam a2200000Ia 4500 | ||
|---|---|---|---|
| 001 | 2278 | ||
| 008 | 160829s1984 xx 000 0 cat d | ||
| 080 | |a D-1-38 | ||
| 245 | |a Temes de Dret Civil Català | ||
| 260 | |a Barcelona : |b Diputació de Barcelona. Institut de Ciències Socials, |c 1984 | ||
| 300 | |a 215 p. ; |c 23'5 cm | ||
| 490 | |a Quaderns de Ciències Socials ; 6 | ||
| 650 | 0 | |a Dret civil |z Catalunya |9 10507 | |
| 710 | 2 | |9 54509 |a Institut de Ciències Socials (Barcelona, Catalunya) | |
| 901 | |a Arxiu | ||
| 942 | |n 1 |2 udc | ||
| 952 | |0 0 |1 0 |4 0 |6 D138 |7 1 |9 41860 |a Arxiu |b Arxiu |d 2016-12-01 |l 0 |o D-1-38 |p 2278 |r 2016-12-01 00:00:00 |w 2016-12-01 |y ARXIU | ||
| 952 | |0 0 |1 0 |4 0 |6 PDL |7 1 |9 63744 |a Arxiu |b Arxiu |d 2022-09-05 |l 0 |o PDL |p 26665 |r 2022-09-05 00:00:00 |w 2022-09-05 |y ARXIU | ||
| 999 | |c 44307 |d 44307 | ||